000 00495nam a22001937a 4500
003 MPLRDC
005 20220104160700.0
008 210129b ||||| |||| 00| 0 eng d
020 _a7-5027-5173-4
082 _a388.5 CYR
100 _a曹玉茹编著
245 _a海洋鱼类的奇闻轶事
_c
250 _a一版一刷
260 _a中国
_b海洋出版社
_c2001
300 _b220
490 _a走近海洋动物丛书
650 _a脊椎动物--鱼类
942 _cBK
_o388.5 CYR
999 _c55113
_d55103